00287nam a2200133Ia 45000030006000000080041000060400015000471000017000622450016000792500011000952600018001065460012001240050017001360STCL150530s9999 xx 000 0 und d aSTCLcSTCL aKotpal, R.L. aMinor Phyla aSecond bRastogic1975 aEnglish20220125170457.0